IMDB's Top 100 Most Beautiful Men in the World - Statistics

General Stats
  • This quiz has been taken 142 times
  • The average score is 8 of 100
Answer Stats
Number Answer % Correct
40. Brad Pitt
88%
33. Leonardo DiCaprio
70%
69. Chris Hemsworth
56%
55. Chris Evans
50%
4. Timothée Chalamet
50%
12. Ryan Gosling
44%
25. Liam Hemsworth
41%
18. Robert Pattinson
33%
84. Harry Styles
28%
30. Bradley Cooper
25%
36. Zac Efron
22%
43. Marlon Brando
21%
72. Jake Gyllenhaal
20%
11. Idris Elba
19%
35. James Dean
18%
46. David Beckham
17%
85. Henry Cavill
17%
51. Jude Law
17%
92. Justin Timberlake
16%
96. Orlando Bloom
16%
86. Tom Hiddleston
15%
2. Ian Somerhalder
14%
41. Heath Ledger
13%
100. Theo James
13%
91. Jared Leto
12%
93. Shawn Mendes
11%
38. Eddie Redmayne
10%
45. Jason Momoa
9%
16. Richard Gere
8%
64. Dylan O'Brien
7%
37. Paul Walker
7%
50. Paul Wesley
7%
57. Chris Pine
6%
27. Jamie Dornan
6%
52. Hayden Christensen
3%
62. Kit Harington
3%
79. Richard Madden
3%
87. Ed Westwick
2%
76. James McAvoy
2%
34. Matt Bomer
2%
42. Noah Centineo
2%
3. Scott Eastwood
2%
88. Alex Pettyfer
1%
47. Chris Wood
1%
29. Colin O'Donoghue
1%
89. Cory Monteith
1%
7. Daniel Wu
1%
1. David Berry
1%
13. Dean Geyer
1%
10. Diego Luna
1%
8. Matthew Goode
1%
65. Michael Trevino
1%
6. Nicholas Gonzalez
1%
5. Sam Heughan
1%
67. Shemar Moore
1%
17. Tom Ellis
1%
78. Wentworth Miller
1%
9. Yon González
1%
58. Aiden Ehrenreich
0%
74. Alexander Skarsgård
0%
26. Asa Butterfield
0%
31. Ben Barnes
0%
23. Bob Morley
0%
94. Cam Gigandet
0%
82. Charlie Cox
0%
83. Charlie Hunnam
0%
49. Cole Sprouse
0%
39. Colton Haynes
0%
63. Dane DeHaan
0%
75. Dave Franco
0%
15. Dominic Sherwood
0%
99. Douglas Booth
0%
73. Dylan Sprouse
0%
44. Fawad Khan
0%
90. Florian David Fitz
0%
59. Giacomo Gianniotti
0%
48. Harry Shum Jr.
0%
28. James Lafferty
0%
77. Jeremy Irvine
0%
66. Jesse Williams
0%
56. Joe Manganiello
0%
21. Logan Huffman
0%
80. Lorenzo Richelmy
0%
32. Luke Grimes
0%
20. Matthew Daddario
0%
97. Matthias Schoenaerts
0%
95. Matthias Schweighöfer
0%
98. Michiel Huisman
0%
70. Milo Ventimiglia
0%
81. Nikolaj Coster-Waldau
0%
22. Oliver Stark
0%
24. Peter Gadiot
0%
68. Randy Wayne
0%
19. Ryan Guzman
0%
53. Ryan Phillippe
0%
61. Scott Elrod
0%
54. Shane West
0%
60. Toby Regbo
0%
14. Will Yun Lee
0%
71. Xavier Samuel
0%
No matching quizzes found
Score Distribution
Percent of People with Each Score
Percentile by Number Answered
Your Score History
You have not taken this quiz